| 000 | 01497nas a22002297a 4500 | ||
|---|---|---|---|
| 003 | NALT | ||
| 005 | 20250826161827.0 | ||
| 006 | a|||p|r|||| 00| 0 | ||
| 007 | ta | ||
| 008 | 170828b th |||p| |||| 00| 0 tha d | ||
| 022 | _a0125135X | ||
| 040 | _aNALT | ||
| 041 | 0 | _atha | |
| 245 | 1 | 0 | _aรัฐศาสตร์สาร |
| 260 | 3 | _bโรงพิมพ์มหาวิทยาลัยธรรมศาสตร์ | |
| 310 | _aรายสี่เดือน | ||
| 650 | 0 |
_aรัฐศาสตร์ _926593 |
|
| 850 | _aNALT | ||
| 856 | _uhttp://www.polsci.tu.ac.th/nw_polsci/index.php?option=com_content&view=article&id=14&Itemid=132 | ||
| 866 | 3 | 1 | _aปีที่ 24 ฉบับที่ 3 (2546), ปีที่ 25 ฉบับที่ 1-3 (2547), ปีที่ 26 ฉบับที่ 1-3 (2548), ปีที่ 27 ฉบับที่ 1-3 (2549), ปีที่ 28 ฉบับที่ 1-3, ฉบับพิเศษ, ฉบับพิเศษ 50 (2550), ปีที่ 29 ฉบับที่ 1 (2551), ปีที่ 34 ฉบับที่ 1-3 (2556), ปีที่ 35 ฉบับที่ 1-3 (2557), ปีที่ 36 ฉบับที่ 1,3 (2558), ปีที่ 37 ฉบับที่ 1-3 (2559), ปีที่ 38 ฉบับที่ 3 (ก.ย.-ธ.ค. 2560), ปีที่ 39-45 ฉบับที่ 1-3 (ม.ค.-ธ.ค. 2561-2567), ปีที่ 46 ฉบับที่ 1-3 (ม.ค.2568-) |
| 942 |
_cJNR _08 _2lcc |
||
| 999 |
_c83625 _d83625 |
||
| 998 |
_j755 _k นางจินตนา เอี่ยมคง |
||